Before Spanish Treaty Claims Commission : Maria de la Natividad Yznaga del Valle, executrix, volume U.S., No. 278; Natividad Yznaga del Valle volume U.S., No. 279; Julia J. del Valle, executrix, volume U.S., No. 222; Brief for defendant.

Bibliographic Details
Other Authors: Valle, Fernando del, Valle, José del, Valle, Julia J. del, Valle, Maria de la Natividad Yznaga del
Format: eBook
Language:English
Published: [Washington, D.C.] : U.S. Government Printing Office, 1908.
Subjects:
Online Access:Connect to the full text of this electronic document

MARC

Tag First Indicator Second Indicator Subfields
LEADER 00000cam a22000001a 4500
001 in00003640802
005 20190408171524.0
006 m o d f
007 cr bn mmmapmmp
008 010308s1908 dcu o f000 0 eng d
035 |a ebd1909303946 
040 |a UMI  |c UMI  |d UtOrBLW 
043 |a n-us--- 
099 |a J1005-1.55 
245 0 0 |a Before Spanish Treaty Claims Commission :  |b Maria de la Natividad Yznaga del Valle, executrix, volume U.S., No. 278; Natividad Yznaga del Valle volume U.S., No. 279; Julia J. del Valle, executrix, volume U.S., No. 222; Brief for defendant. 
264 1 |a [Washington, D.C.] :  |b U.S. Government Printing Office,  |c 1908. 
300 |a 1 online resource (23 pages) 
336 |a text  |b txt  |2 rdacontent 
337 |a computer  |b c  |2 rdamedia 
338 |a online resource  |b cr  |2 rdacarrier 
500 |a Record is based on bibliographic data in ProQuest U.S. Executive Branch Documents, 1789-1909. Reuse except for individual research requires license from ProQuest, LLC. 
533 |a Electronic reproduction.  |b [Bethesda, Md.] :  |c ProQuest,  |d 2012.  |e digital, PDF file.  |n ProQuest U.S. Executive Branch Documents, 1789-1909.  |n Mode of access: World Wide Web via ProQuest website. 
538 |a System requirements: PDF reader software. 
500 |a Electronic resource. 
610 1 0 |a United States.  |b Department of Justice.  |b Office of the Assistant Attorney General.  |b Spanish Treaty Claims Commission  |v Cases. 
655 7 |a Electronic books.  |2 local 
700 1 |a Valle, Fernando del.  |0 http://id.loc.gov/authorities/names/no2004023041 
700 1 |a Valle, José del.  |0 http://id.loc.gov/authorities/names/n97071823 
700 1 |a Valle, Julia J. del. 
700 1 |a Valle, Maria de la Natividad Yznaga del. 
776 1 8 |i Microfiche version:  |t Before Spanish Treaty Claims Commission  |o CIS US Exec MF J1005-1.55  |w (ProQuest)cis19032848 
856 4 0 |u http://proxy.library.tamu.edu/login?url=http://congressional.proquest.com/congressional/docview/t66.d71.j1005-1.55  |z Connect to the full text of this electronic document  |t 0 
999 f f |s 1d07b319-6241-3d82-abfc-5f1eb5d76a36  |i 5c2656e9-94b7-3d02-9d31-f108b1e2bf94  |t 0 
952 f f |a Texas A&M University  |b College Station  |c Electronic Resources  |d Available Online  |t 0  |h No information provided 
998 f f |t 0  |l Available Online